000 00637nam a2200241 a 4500
001 nice12345678
003 IN_TiNIC
005 20260116014207.0
008 080623s2007 newa grp 000 0 eng
020 _a
_c295
082 0 0 _a324.245408
_bSHA1
100 _aShani, Ornit
245 _aCommunalism, Caste and Hindu Nationalism
_b The Violence in Gujarat
260 _aNew Delhi
_bCambridge University Press
_c2007
300 _a215p
500 _aincludes index and biblioraphy
505 2 _abiblio, index
650 _aCommunalism-India
700 1 _aShani, Ornit
902 _bSRS
942 _cBK
999 _c14269
_d14269